| 000 | 00356nam a2200133Ia 4500 | ||
|---|---|---|---|
| 008 | 240624s9999 xx 000 0 und d | ||
| 041 | _aeng | ||
| 082 | _a332.6 MCC | ||
| 100 | _aMCCARTHY TIMOTHY F | ||
| 245 | _aSAFE INVESTOR HOW TO MAKE YOUR MONEY GRO | ||
| 260 |
_c2014 _aNew York _bPalgrave Macmillan |
||
| 300 | _axiii, 305 p.; 24 cm. | ||
| 365 |
_c _b38 |
||
| 999 |
_c29144 _d29144 |
||